| 000 | 00000nam##2200000za#4500 |
| 001 | 9.621260 |
| 003 | CaOODSP |
| 005 | 20200401044340 |
| 007 | ta |
| 008 | 150406|1991||||xxc||||| f|0| 0 fre|d |
| 040 | |aCaOODSP|bfre |
| 043 | |an-cn--- |
| 086 | 1 |aFs97-6/1810F |
| 110 | 1 |aCanada. |bMinistère des pêches et des océans. |
| 245 | 10|aIdentification des populations de poissons d'intérêt économique en situation précaire dans le réseau du St-Laurent et sélection des espèces pour des interventions immédiates / |cpar J. A. Robitaille et al. |
| 260 | |aOttawa - Ontario : |bPêches et Océans Canada |c1991. |
| 300 | |a24p. : |bfigures, références, tableaux ; |c28 cm. |
| 490 | 1 |aRapport technique canadien des sciences halieutiques et aquatiques|v1810 |
| 546 | |aAbstracts in English |
| 563 | |aCouverture souple |
| 720 | 1 |aRobitaille, J. A. |
| 776 | 0#|tIdentification des populations de poissons d'intérêt économique en situation précaire dans le réseau du St-Laurent et sélection des espèces pour des interventions immédiates / |w(CaOODSP)9.603991 |
| 830 | #0|aRapport technique canadien des sciences halieutiques et aquatiques ;|v1810|w(CaOODSP)9.513051 |